000 00801nam a2200265 i 4500
003 DO-SdBNP
005 20250430135913.0
007 ta
008 250430b2024 dr ||||| |||| 00| 0 spa d
020 _a9789945500059
040 _aDO-SdBNP
_bspa
_cBNPHU
_erda
041 _hspa
082 4 _axxx
_bxxx
_222
245 0 3 _aLa tiranía de eros y otros cuentos /
_ccorrección, Clara Dobarro
264 4 _aSanto Domingo :
_bEditora Nacional,
_c©2024.
300 _a76 páginas ;
_c21 cm.
336 _atexto
_btxt
_2rdacontent
337 _asin mediación
_bn
_2rdamedia
338 _avolumen
_bnc
_2rdacarrier
586 _aPremio Joven de Cuento Pedro Peix 2020.
590 _aInventariado, 2025/BT
700 _4corr.
_aDobarro, Clara,
_ecorrector
_934619
910 _aBtavárez
942 _2ddc
_cLBS1
999 _c58879
_d58879